000 00411nam a2200157Ia 4500
008 221030s9999 xx 000 0 und d
020 _a8187433841
041 _aEnglish
082 _a105.23
_bRam
100 _aS. Ramamrutham
245 0 _aHydraulics Fluid Mechanics & Fluid Machines
_cby S. Ramamrutham
260 _bDhanpat Rai Pub
_aNew Delhi
_c2001
300 _a1183
650 _aMechanical
942 _cBK
999 _c1325
_d1325